| 000 | 00584cab a2200193 4500 | ||
|---|---|---|---|
| 001 | ABS41751 | ||
| 008 | 090401t1989 xxu||||| |||| 00| 0 eng d | ||
| 035 | _a(Sirsi) u32240 | ||
| 041 | _aeng | ||
| 100 | _aSeidl, A. | ||
| 245 | _aBuying the works | ||
| 260 | _c1989 | ||
| 350 | _a0 | ||
| 490 |
_aBusiness _vNovember 1989, 75-76(2) |
||
| 520 | _aDiscusses the concept behind Industrial Ownership , a property developer which buys run down industrial estates and sells leases to sitting tenants . | ||
| 690 | _aPROPERTY-COMMERCIAL PROPERTY | ||
| 942 | _n0 | ||
| 948 | _c04/03/1997 | ||
| 999 |
_c21637 _d21637 |
||